00595nam a22001457a 4500003000500000005001700005008004100022050002300063100002300086245020700109260004500316300004000361500002600401650002200427PILC20150605160403.0150605b xxu||||| |||| 00| 0 eng d aHA 31b.Al336 1992 aAlbino, Marvin D.  aStatistical data bank for the bureau of agricultural statistics crops, livestock, poultry and fishery statistics division /cMarvin D. Albino, Ma. Kristine V. Geronimo, Arlene R. Lazaro, Vilma Santiago. aManila :bDe La Salle University,c1992. a27 pages :billustrations ;c28 cm. aSpine : User's Manual aStatistical data.